ARRUPE JESUIT UNIVERSITY

CORONAVIRUS -STOP THE SPREAD - CLEAN,DISINFECT,COVER

The Orchids (Record no. 125189)

MARC details
000 -LEADER
fixed length control field 00413nam a22001337a 4500
008 - FIXED-LENGTH DATA ELEMENTS--GENERAL INFORMATION
fixed length control field 160909b xxu||||| |||| 00| 0 eng d
020 ## - INTERNATIONAL STANDARD BOOK NUMBER
International Standard Book Number 9789966086518
050 ## - LIBRARY OF CONGRESS CALL NUMBER
Classification number PR9377.69.M3 O7
100 ## - MAIN ENTRY--PERSONAL NAME
Personal name Manirambona, Thierry
9 (RLIN) 25607
245 ## - TITLE STATEMENT
Title The Orchids
Remainder of title A story of suffering and courage
Statement of responsibility, etc Thierry Manirambona
260 ## - PUBLICATION, DISTRIBUTION, ETC. (IMPRINT)
Place of publication, distribution, etc Nairobi
Name of publisher, distributor, etc Paulines Publications
Date of publication, distribution, etc 2012
300 ## - PHYSICAL DESCRIPTION
Extent 94p. ;
Dimensions 21cm.
942 ## - ADDED ENTRY ELEMENTS (KOHA)
Source of classification or shelving scheme Library of Congress Classification
Item type Monograph ( Printed materials)
Holdings
Withdrawn status Lost status Source of classification or shelving scheme Damaged status Not for loan Collection code Home library Current library Shelving location Date acquired Total Checkouts Full call number Barcode Date last seen Date last borrowed Copy number Price effective from Koha item type
    Library of Congress Classification     Main Collection ARRUPE LIBRARY ARRUPE LIBRARY Main Collection 09/09/2016 1 PR9377.69.M3 O7 46500010175 02/10/2018 25/09/2018 1 09/09/2016 Monograph ( Printed materials)
    Library of Congress Classification     Main Collection ARRUPE LIBRARY ARRUPE LIBRARY Main Collection 02/03/2017   PR9377.69.M3 O7 46500025647 02/03/2017   2 02/03/2017 Monograph ( Printed materials)

 

Arrupe Library. PO Box MP320 Mt Pleasant, Harare, Zimbabwe
263 242 745411|librarian@aju.ac.zw